[Event "Vigevano op 1st"]
[Site "Vigevano"]
[Date "2025.06.01"]
[Round "3"]
[White "Amaral, Vera"]
[Black "Semonaviciute, Agne"]
[Result "1-0"]
[WhiteElo "1634"]
[BlackElo "1927"]
[PlyCount "45"]
[EventDate "2025.05.31"]
[EventType "swiss"]
[EventRounds "7"]
[EventCountry "ITA"]
[SourceTitle "CB23_2025"]
[SourceDate "2025.06.04"]
[SourceVersion "1"]
[SourceVersionDate "2025.06.04"]
[SourceQuality "1"]

1. d4 Nf6 2. Bf4 g6 3. Nc3 Bg7 4. e4 d6 5. Qd2 a6 6. 0-0-0 h5 7. f3 b5 8. e5 b4 9. Nce2 Nd5 10. Bg5 a5 11. Nf4 Nxf4 12. Qxf4 Ba6 13. e6 f5 14. Bxa6 Rxa6 15. g4 hxg4 16. fxg4 d5 17. Re1 Qd6 18. Qf2 Nc6 19. Nf3 f4 20. Qd2 Rf8 21. Qd3 Nxd4 22. Qxg6+ Kd8 23. Qxg7 1-0

[Event "Maia op"]
[Site "Maia"]
[Date "2024.08.31"]
[Round "9"]
[White "Pontiroli, Luca"]
[Black "Amaral, Vera"]
[Result "1/2-1/2"]
[WhiteElo "1703"]
[BlackElo "1634"]
[PlyCount "65"]
[EventDate "2024.08.23"]
[EventType "swiss"]
[EventRounds "9"]
[EventCountry "POR"]
[SourceTitle "CBM 221 Extra"]
[Source "ChessBase"]
[SourceDate "2024.09.30"]
[SourceVersion "1"]
[SourceVersionDate "2024.09.30"]
[SourceQuality "1"]

1. d4 e6 2. c4 f5 3. Nc3 Bb4 4. Qb3 Qe7 5. a3 Bxc3+ 6. Qxc3 Nf6 7. Bg5 h6 8. Bf4 b6 9. Bxc7 d6 10. Bxb8 Rxb8 11. Nh3 0-0 12. Nf4 Qf7 13. e3 Bb7 14. f3 Rbc8 15. Qb4 Rfd8 16. Qc3 g5 17. Nd3 Qe7 18. Qb4 Rc7 19. b3 Rdc8 20. Rc1 Nd7 21. Be2 e5 22. dxe5 Nxe5 23. Nxe5 Qxe5 24. Qc3 Qe7 25. Qd4 d5 26. h4 Qxa3 27. Kf2 Qe7 28. hxg5 Qxg5 29. f4 Qg7 30. Bd3 Qxd4 31. exd4 dxc4 32. Bxc4+ Kg7 33. Bd3 1/2-1/2